[Event "Moscow Open RSSU Cup 2020"]
[Site "Moscow"]
[Date "2020.01.27"]
[Round "3.14"]
[White "Nur-Mukhametova, Alisa"]
[Black "Osmak, Iulija"]
[Result "0-1"]
[WhiteElo "2213"]
[BlackElo "2394"]
[Annotator "TA"]
[PlyCount "54"]
[EventDate "2020.01.25"]
[EventType "swiss"]
[EventCountry "RUS"]
[SourceTitle "playchess.com"]
[Source "ChessBase"]
[SourceQuality "1"]

{[%evp 9,54,-2,8,-3,-4,-9,0,-44,-44,-54,-16,-32,-3,-50,-63,-53,-57,-83,-82,-87,-77,-133,-135,-133,-128,-136,-135,-191,-180,-171,-193,-245,-208,-221,-225,-421,-459,-437,-437,-443,-433,-711,-675,-1126,-1005,-29986,-29987]} 1. Nf3 d5 2. c4 c6 3. Qc2 Nf6 4. g3 Bg4 5. Bg2 Nbd7 6. d4 {A11: English Opening: 1...c6} (6. O-O Bxf3 7. exf3 dxc4 8. Qxc4 g6 9. f4 Bg7 10. d4 O-O 11. Nd2 e6 12. Nf3 Nd5 13. Ne5 Ne7 {0-1 (38) Cicak,S (2579)-Wojtaszek,R (2734) Czechia 2012}) 6... e6 7. O-O Be7 8. Nc3 {The position is equal.} dxc4 9. a4 a5 10. e4 O-O 11. h3 $146 ({Predecessor:} 11. Be3 Bxf3 12. Bxf3 e5 13. Rfd1 Qc7 14. Qe2 exd4 15. Bxd4 {0-1 (43) Manzi,L (2030)-Vera Siguenas,D (2516) Montevideo 2018}) 11... Bxf3 12. Bxf3 e5 13. Be3 exd4 14. Bxd4 Bc5 15. Rad1 (15. Bxc5 $142 Nxc5 16. Be2) 15... Bxd4 $17 16. Rxd4 Qb6 17. Rfd1 Ne5 $36 {[%mdl 2048] Black is really pushing.} 18. Bg2 (18. Kg2 $17 {was necessary.}) 18... Rad8 $19 19. Rxd8 Rxd8 20. Bf1 (20. Rxd8+ {was called for.} Qxd8 21. b3) 20... h6 21. Kg2 Rxd1 {[%mdl 64] [#] Overworked Piece} 22. Qxd1 $2 (22. Nxd1 Qd4 23. f3) 22... Qxb2 23. Qd8+ Kh7 24. Qxa5 {[#]} c5 $1 {[%mdl 512]} 25. Ne2 (25. Nd1 $142 Qd4 26. Qe1) (25. Qxc5 Qxc3) 25... Nxe4 {And now ...Qa1 would win.} 26. Qc7 Nd2 {( -> ...Qb1)} 27. Qxc5 Qb1 {Accuracy: White = 29%, Black = 89%.} 0-1

[Event "Moscow Open RSSU Cup 2020"]
[Site "Moscow"]
[Date "2020.01.27"]
[Round "3.15"]
[White "Gritsayeva, Oksana"]
[Black "Afonasieva, Anna"]
[Result "0-1"]
[WhiteElo "2383"]
[BlackElo "2286"]
[Annotator "TA"]
[PlyCount "68"]
[EventDate "2020.01.25"]
[EventType "swiss"]
[EventCountry "RUS"]
[SourceTitle "playchess.com"]
[Source "ChessBase"]
[SourceQuality "1"]

{[%evp 18,68,12,18,20,0,0,12,1,14,27,0,49,12,25,0,22,-2,0,-5,-6,-10,0,0,0,0,0,0,0,0,0,0,25,10,23,7,39,36,86,80,95,0,10,4,10,-435,-412,-733,-703,-729,-736,-738,-723]} 1. d4 d5 2. Nf3 Nf6 3. c4 c6 4. e3 e6 5. b3 Nbd7 6. Bb2 Be7 7. Bd3 O-O 8. Nbd2 b6 9. O-O Bb7 10. Qe2 c5 {D30: Queen's Gambit Declined: Systems without Nc3} (10... Rc8 11. Ne5 c5 12. f4 Ne4 13. Bxe4 dxe4 14. Rad1 cxd4 15. Nxe4 Nxe5 16. fxe5 Bxe4 17. Rxd4 Bd5 18. cxd5 Bc5 19. Rd3 exd5 20. Qf3 {1-0 (38) Eljanov,P (2760)-Van Wely,L (2640) Wijk aan Zee 2016}) 11. cxd5 Nxd5 12. Rfd1 cxd4 $146 {The position is equal.} ({Predecessor:} 12... Qc7 13. Rac1 Rad8 14. Nc4 Qb8 15. Bb1 N5f6 16. Nfe5 cxd4 17. Bxd4 Nxe5 18. Bxe5 {½-½ (61) Rustemov,A (2573)-Dominguez Perez,L (2658) Dos Hermanas 2005}) 13. Nxd4 Rc8 14. Ne4 N7f6 15. Qf3 Qc7 16. Rac1 Qe5 17. Nxf6+ Bxf6 18. Rxc8 Rxc8 19. Rd2 Qg5 20. g3 Bxd4 21. Bxd4 Rc1+ 22. Rd1 Nc7 23. e4 Rxd1+ 24. Qxd1 e5 25. Bb2 h6 26. Bc4 {Strongly threatening Qd7.} Bxe4 27. Qd7 Qh5 {[#] Threatens to win with ...Qf3.} 28. g4 $1 {[%cal Rg4h5]} (28. Qxc7 Qd1+ 29. Bf1 Qf3 30. Qc8+ Kh7 31. Qf5+ Bxf5 32. Bd3 Bxd3 33. Bc3 Be4 34. Kf1 Qd3+ 35. Kg1 Qd1+ 36. Be1 Qxe1#) 28... Qg6 {[#]} 29. h3 ({Of course not} 29. Bxe5 $6 Ne6 $11) ({Better is} 29. f3 $1 $16 {[%cal Rf3e4]} Ne6 30. Bxe6 (30. fxe4 Qxg4+ 31. Kf1 Qxe4 $11) 30... fxe6 31. fxe4 Qxg4+ 32. Kf2) 29... Ne6 30. Bxe5 Ng5 31. Qe8+ $2 {[%mdl 8192]} (31. f4 $11 {and White has nothing to worry.} b5 32. fxg5 bxc4 33. gxh6 Qxh6 34. Qe8+ Kh7 35. Qxf7 {[%mdl 64] Double Attack}) 31... Kh7 $19 32. Kh2 (32. Be2 $142 Bf3 33. Qb5) 32... Bc6 {Black is clearly winning.} ({Worse is} 32... Nf3+ 33. Kg3 $14) 33. Qd8 Nf3+ {[%mdl 64] Double Attack} 34. Kg3 Nxe5 {Accuracy: White = 32%, Black = 53%.} 0-1

[Event "Moscow Open RSSU Cup 2020"]
[Site "Moscow"]
[Date "2020.01.27"]
[Round "3.16"]
[White "Schepetkova, Margarita"]
[Black "Guseva, Marina"]
[Result "1-0"]
[WhiteElo "2200"]
[BlackElo "2379"]
[Annotator "TA"]
[PlyCount "57"]
[EventDate "2020.01.25"]
[EventType "swiss"]
[EventCountry "RUS"]
[SourceTitle "playchess.com"]
[Source "ChessBase"]
[SourceQuality "1"]

{[%evp 12,57,9,12,0,0,0,0,0,0,3,0,0,0,47,0,88,87,74,75,62,24,28,0,0,-121,-112,-117,-114,-89,0,0,0,-4,0,0,3,0,0,0,0,0,0,0,455,439,915,819]} 1. d4 Nf6 2. c4 e6 3. g3 d5 4. Bg2 Bb4+ 5. Nd2 O-O 6. Ngf3 dxc4 7. Qc2 a5 {E04: Open Catalan: 5 Nf3} 8. a3 Bxd2+ 9. Bxd2 b5 {The position is equal.} 10. a4 {With the idea Ne5.} c6 11. e4 h6 12. g4 Nh7 $146 (12... e5 $5 13. dxe5 Nfd7 $11) ({Predecessor:} 12... e5 13. dxe5 Nfd7 14. O-O Qe7 15. axb5 cxb5 16. Bxa5 {1-0 (43) Cori Tello,J (2689)-Shtembuliak,E (2501) Burlingame 2018}) 13. e5 f5 {[#]} (13... Na6 $11 {remains equal.}) 14. exf6 $1 $16 Nxf6 15. g5 hxg5 16. Nxg5 {Black should prevent axb5.} Qxd4 17. Bc3 Qh4 18. Bxf6 (18. Qg6 $11 {keeps the balance.}) 18... Rxf6 $17 19. Ne4 Rf8 20. axb5 Ra7 (20... cxb5 $17 {Hoping for ...Na6.} 21. Nf6+ {[%mdl 64] Discovered Attack} Qxf6 22. Bxa8 Bd7) 21. b6 $11 Ra6 22. O-O $132 {[%mdl 2048] White is fighting back} Rxb6 23. Rxa5 {[%cal Ba1a5,Ba5g5,Bg5g3,Bg3b3][%mdl 32]} Nd7 24. Rg5 Nf6 25. Nxf6+ Rxf6 26. Rg3 e5 27. Rd1 Bf5 $2 {[%mdl 8192]} (27... Rf8 $11) 28. Qa4 $18 {[#] And now Rd8+ would win.} Rb3 (28... Rxb2 $142 29. Rd8+ Kh7) 29. Rxb3 {Accuracy: White = 73%, Black = 55%.} 1-0

[Event "Moscow Open RSSU Cup 2020"]
[Site "Moscow"]
[Date "2020.01.27"]
[Round "3.17"]
[White "Ovod, Evgenija"]
[Black "Bykova, Anastasia"]
[Result "1-0"]
[WhiteElo "2362"]
[BlackElo "2247"]
[Annotator "TA"]
[PlyCount "59"]
[EventDate "2020.01.25"]
[EventType "swiss"]
[EventCountry "RUS"]
[SourceTitle "playchess.com"]
[Source "ChessBase"]
[SourceQuality "1"]

{[%evp 12,59,22,23,36,7,1,6,11,15,16,0,14,10,19,0,65,15,86,59,113,102,118,110,189,197,184,184,170,170,170,171,231,227,200,203,230,229,250,253,425,414,533,518,914,418,1426,1326,1135,1054]} 1. e4 c6 2. d4 d5 3. e5 Bf5 4. h4 h5 5. Bd3 Bxd3 6. Qxd3 e6 7. Nf3 Qb6 {B12: Caro-Kann: Advance Variation} (7... Nh6 8. Bxh6 Rxh6 9. O-O Be7 10. g3 Kf8 11. c4 dxc4 12. Qxc4 Nd7 13. Nc3 Nb6 14. Qb3 Rg6 15. Kh2 {1-0 (28) Fier,A (2595)-Granda Zuniga,J (2586) Florianopolis 2019}) 8. Nc3 c5 9. dxc5 Bxc5 {The position is equal.} 10. O-O Ne7 $146 ({Predecessor:} 10... Qa6 11. Nb5 Qb6 12. Be3 Ne7 13. Nd6+ Kf8 14. Ng5 Nd7 15. Ndxf7 Rg8 16. Nd6 Nc8 17. Qg6 Nxd6 18. exd6 {1-0 (18) Zvedeniouk,I (2123)-Amini,A (1758) Adelaide 2007}) 11. Na4 Qc6 12. Nxc5 Qxc5 13. b3 Nd7 (13... Nbc6 $11) 14. Rd1 Ng6 (14... Rc8 $11 {keeps the balance.}) 15. Bb2 $16 O-O ({Black should try} 15... Rd8 $14) 16. c4 {[%cal Rc4d5]} Rfd8 17. cxd5 Nf4 (17... Qxd5 $16 18. Qe2 (18. Qxd5 exd5 19. Rxd5 Ndf8 $16) 18... Qc5) 18. Qe4 $18 Nxd5 {[#]} 19. Ng5 $1 Nf8 20. Qf3 $36 {[%mdl 2048] Black is under strong pressure.} Rd7 21. Ne4 Qc2 (21... Qb5 {might work better.} 22. Nd6 (22. Qxh5 Nf4 $16) 22... Qc5 23. Qxh5 Qc2) 22. Rd2 Qc6 23. Rc1 ({But not} 23. Qxh5 $6 Nf4 $16) 23... Qb5 24. g3 ({Weaker is} 24. Qxh5 Nf4 $14) 24... Qa5 25. Qxh5 Qxa2 $2 (25... Nh7 {was necessary.} 26. Bc3 Qa3) 26. Qg4 {[#] And now Rxd5! would win.} Ng6 27. h5 Ne3 (27... Nge7 $142 28. Nf6+ Nxf6 29. exf6 Nf5 30. Rxd7 Qxb2) 28. Qe2 (28. fxe3 $142 Rxd2 29. hxg6 Rg2+ 30. Kf1 (30. Kxg2 Qxb2+ {[%mdl 64] Double Attack} 31. Kf3 Qxc1 $11)) 28... Nxe5 (28... Rxd2 $142 29. Qxd2 Nxe5) 29. Bxe5 Qa3 30. Bb2 {Accuracy: White = 63%, Black = 25%.} 1-0

[Event "Moscow Open RSSU Cup 2020"]
[Site "Moscow"]
[Date "2020.01.28"]
[Round "4.1"]
[White "Tsydypov, Zhamsaran"]
[Black "Golubov, Saveliy"]
[Result "1-0"]
[WhiteElo "2553"]
[BlackElo "2469"]
[Annotator "TA"]
[PlyCount "65"]
[EventDate "2020.01.25"]
[EventType "swiss"]
[EventCountry "RUS"]
[SourceTitle "playchess.com"]
[Source "ChessBase"]
[SourceQuality "1"]

{[%evp 15,65,26,39,34,32,25,35,35,34,36,33,31,37,37,33,44,24,31,54,50,45,49,52,43,52,27,39,31,47,47,107,94,113,122,125,123,170,159,163,183,173,169,332,206,225,190,324,325,343,227,359,375]} 1. d4 d5 2. Nf3 Nf6 3. c4 e6 4. Nc3 Be7 5. g3 dxc4 6. Bg2 O-O 7. Ne5 c5 8. dxc5 Qc7 9. Nxc4 {E06: Closed Catalan: Early deviations} Qxc5 10. Qb3 Nc6 {[#] Hoping for ...Nd4.} 11. Be3 {White is slightly better.} Nd4 12. Bxd4 $1 Qxd4 13. O-O Rb8 {[#]} 14. Rac1 $146 ({Predecessor:} 14. Rfd1 Qc5 15. Rac1 {1-0 (54) Georgiev,K (2595)-Ozen,B (2349) Skopje 2018}) 14... Bd7 15. Rfd1 Qc5 16. Ne4 Nxe4 17. Bxe4 {[#] Black must now prevent Ne3.} Bc6 18. Bxc6 bxc6 19. Qf3 Rbd8 20. Qe4 Bf6 21. b3 h6 22. Kg2 Qb5 ({Black should try} 22... Bg5 $14) 23. Rd6 $16 Qa6 24. a4 ({Much worse is} 24. Rxc6 $6 Qxa2 25. Qc2 Qxc2 $11) ({Don't play} 24. Qxc6 $6 Rxd6 25. Nxd6 Qxe2 $11) 24... Rc8 25. Nd2 Qa5 26. Rcxc6 Rxc6 27. Qxc6 Qb4 28. Rd7 Bg5 $2 (28... Rd8 {keeps fighting.} 29. Rxd8+ Bxd8) 29. e3 a5 30. Qb7 Qg4 (30... Be7 {was necessary.} 31. Nc4 Qxb7+ 32. Rxb7 Bb4) 31. Nc4 $18 Qf5 32. Qf3 Qc5 (32... Qxf3+ {was worth a try.} 33. Kxf3 Ra8) 33. Rb7 {Accuracy: White = 75%, Black = 37%.} 1-0

[Event "Moscow Open RSSU Cup 2020"]
[Site "Moscow"]
[Date "2020.01.28"]
[Round "4.2"]
[White "Lintchevski, Daniil"]
[Black "Gabrielian, Artur"]
[Result "1-0"]
[WhiteElo "2536"]
[BlackElo "2465"]
[Annotator "TA"]
[PlyCount "91"]
[EventDate "2020.01.25"]
[EventType "swiss"]
[EventCountry "RUS"]
[SourceTitle "playchess.com"]
[Source "ChessBase"]
[SourceQuality "1"]

{[%evp 9,91,22,26,-2,-1,0,29,22,47,37,29,32,66,33,53,59,133,112,122,122,119,103,147,108,154,141,205,0,3,0,22,-14,10,8,12,0,0,9,114,79,131,135,150,95,95,75,91,31,48,35,42,54,23,6,22,-24,190,152,155,104,431,431,425,431,718,712,940,938,900,887,852,813,1283,1257,29983,29983,29983,29984,29985,29986,29987,29988,29988,29989]} 1. Nf3 c5 2. c4 Nc6 3. Nc3 e5 4. e3 Nf6 5. d4 e4 6. d5 {A34: Symmetrical English: 2 Nc3, lines with ...d5} (6. Ne5 {keeps more tension.} h5 7. Be2 Bd6 8. Nxc6 dxc6 9. dxc5 Bxc5 10. Qxd8+ Kxd8 11. b3) 6... exf3 7. dxc6 fxg2 8. cxd7+ {White has an edge.} Bxd7 9. Bxg2 g6 10. b3 Bg7 11. Qd6 Ng4 $146 ({Predecessor:} 11... Qb6 12. Qe5+ Kf8 13. Bb2 {½-½ (36) Dominguez Perez,L (2739)-Vachier Lagrave,M (2779) Saint Louis 2018}) 12. Bb2 Qb6 (12... Be5 $14 13. Qxc5 Rc8 14. Qxa7 O-O) 13. Qxb6 $16 axb6 14. Bxb7 Ra7 15. Be4 O-O 16. h3 Re8 17. hxg4 Rxe4 (17... Bxc3+ $16 18. Bxc3 Rxe4) 18. g5 $2 ({White must play} 18. Nxe4 $18 Bxb2 19. Rb1 Rxa2 20. Rh4) 18... Rg4 $11 19. O-O-O Rxg5 20. Rd6 Be5 21. Rxb6 Rg2 $1 22. Ne4 $36 {[%mdl 2048] Black is under pressure.} Bxb2+ 23. Kxb2 {With the idea Kc3.} h5 (23... Bf5 $1 $11 {keeps the balance.} 24. Nf6+ {[%mdl 64] Double Attack} (24. Nxc5 Rxf2+ 25. Kc3 Raxa2 $11) 24... Kf8 25. Rb8+ (25. Nxh7+ Kg7 $11) 25... Ke7 26. Ng8+ (26. Nd5+ Kd7 $11) 26... Kd7) 24. a4 Bf5 (24... Kg7 $142) 25. Nxc5 Rxf2+ 26. Ka3 (26. Kc3 $142) 26... Kg7 $16 27. e4 Bg4 28. Nd3 ({White should try} 28. b4 $16) 28... Re2 $14 29. Ne5 Rxe4 30. Nxg4 hxg4 {[%mdl 4096] Endgame KRR-KRR} 31. c5 g3 32. c6 {And now Rg1 would win.} (32. Rg1 $5 {[%cal Rg1g3]} Re3 33. c6 $16) 32... g2 $2 {[#]} (32... f5 $11) 33. Rg1 $1 $18 {[%cal Rg1g2]} Re2 34. Rb7 (34. b4 $142) 34... Ra6 $2 {[%mdl 8192]} (34... Ra8 $16) 35. c7 Rc6 {next ...Kh6 is good for Black.} 36. a5 Kh6 (36... Rec2 $142 37. b4 Kf8) 37. Kb4 Rec2 {[#]} 38. a6 $1 {[%mdl 512]} Rxa6 {[#]} 39. Rxg2 $1 {[%mdl 512]} Rc1 (39... Rxg2 40. c8=Q) 40. Rg4 Rac6 41. Rc4 R6xc4+ 42. bxc4 {White mates.} Rb1+ 43. Kc3 Rxb7 44. c8=Q Ra7 45. Qh8+ Kg5 46. Qe5+ {Accuracy: White = 49%, Black = 34%.} 1-0

[Event "Moscow Open RSSU Cup 2020"]
[Site "Moscow"]
[Date "2020.01.28"]
[Round "4.3"]
[White "Lobanov, Sergei"]
[Black "Korchmar, Vasiliy"]
[Result "1/2-1/2"]
[WhiteElo "2507"]
[BlackElo "2446"]
[Annotator "TA"]
[PlyCount "65"]
[EventDate "2020.01.25"]
[EventType "swiss"]
[EventCountry "RUS"]
[SourceTitle "playchess.com"]
[Source "ChessBase"]
[SourceQuality "1"]

{[%evp 18,65,18,10,25,7,0,0,0,-14,-12,-12,-12,-12,-16,-18,-8,-18,0,0,0,0,0,0,0,0,0,0,0,0,7,7,7,0,7,0,0,0,0,0,0,0,0,0,0,-29993,-1343,-1566,47,0]} 1. e4 c5 2. Nf3 e6 3. d4 cxd4 4. Nxd4 a6 5. Bd3 Nf6 6. O-O Qc7 7. c4 Nc6 8. Nxc6 dxc6 9. Be3 e5 10. h3 Be6 {B42: Sicilian: Kan Variation: 5 Bd3} 11. Nc3 Nd7 12. Be2 Bc5 {The position is equal.} 13. Bxc5 Nxc5 14. b4 Nd7 15. Rc1 $146 ({Predecessor:} 15. c5 O-O 16. Bg4 Bxg4 17. Qxg4 {0-1 (41) Socko,B (2445)-Movsesian,S (2635) Germany 1996}) 15... O-O 16. Qd2 Rfd8 17. Qb2 Nf8 18. Nd5 cxd5 19. cxd5 Qd6 {[#] ...Bd7 is the strong threat.} 20. dxe6 Nxe6 21. Rfd1 Nd4 22. Bc4 Rd7 23. Bd5 Kh8 24. f4 {Threatens to win with fxe5.} f6 25. fxe5 fxe5 26. Kh2 Rf8 27. Rf1 h6 28. a3 b6 29. Rf2 Rdd8 30. Rcf1 Rxf2 31. Qc2 $2 {[%mdl 8192] [#]} (31. Qxf2 $11 Kh7 32. Qf7) 31... Re2 (31... Nf3+ $142 32. Kg3 Rxc2 33. Rf2 Qg6+ 34. Kxf3 Qf6+ 35. Kg3 Qxf2+ {[%mdl 64] Double Attack} 36. Kg4 Qf4+ 37. Kh5 Qg5#) 32. Qxe2 a5 $2 ({Black should try} 32... Nxe2 $19 33. Rf2 Nf4) 33. Qf2 {Accuracy: White = 62%, Black = 64%.} 1/2-1/2

[Event "Moscow Open RSSU Cup 2020"]
[Site "Moscow"]
[Date "2020.01.28"]
[Round "4.4"]
[White "Matinian, Nikita"]
[Black "Tekeyev, Zaur"]
[Result "1/2-1/2"]
[WhiteElo "2496"]
[BlackElo "2384"]
[Annotator "TA"]
[PlyCount "53"]
[EventDate "2020.01.25"]
[EventType "swiss"]
[EventCountry "RUS"]
[SourceTitle "playchess.com"]
[Source "ChessBase"]
[SourceQuality "1"]

{[%evp 9,53,4,20,15,13,11,7,0,4,-20,4,11,15,-6,-7,-8,-10,-9,-9,-12,-9,-11,0,0,0,0,0,0,0,0,0,0,0,0,0,0,0,0,0,0,0,0,0,0,0,0]} 1. e4 c5 2. Nc3 Nc6 3. Bb5 Nd4 4. Nf3 a6 5. Bd3 g6 {The position is equal.} (5... Nc6 6. O-O d6 7. Re1 Nf6 8. Nd5 e5 9. Bc4 Be6 10. c3 Rc8 11. a4 Be7 12. d3 {1-0 (61) Guseinov,G (2666)-Dreev,A (2677) Moscow 2019}) 6. Nxd4 {B23: Closed Sicilian: Lines without g3} cxd4 7. Ne2 d5 8. c3 dxc3 $146 ({Predecessor:} 8... dxe4 9. Bxe4 dxc3 10. Qa4+ Bd7 11. Qd4 Nf6 12. bxc3 {1-0 (23) Gevorgyan,M (2256)-Cornette,D (2464) Antalya 2019}) 9. Qa4+ Qd7 10. Qxd7+ Bxd7 11. dxc3 dxe4 12. Bxe4 O-O-O $1 13. f4 Bg7 14. Be3 Nf6 15. Bf3 e5 16. fxe5 Ng4 17. Bxg4 Bxg4 18. h3 Bxe2 19. Kxe2 Rhe8 20. Rad1 Rxd1 21. Rxd1 Rxe5 $11 {[%mdl 4096] Endgame KRB-KRB} 22. Kf3 Rf5+ 23. Ke4 Re5+ 24. Kf3 Rf5+ 25. Ke4 Re5+ 26. Kf3 Rf5+ 27. Ke4 {Accuracy: White = 55%, Black = 82%.} 1/2-1/2

[Event "Moscow Open RSSU Cup 2020"]
[Site "Moscow"]
[Date "2020.01.28"]
[Round "4.5"]
[White "Bykov, Egor"]
[Black "Grachev, Boris"]
[Result "1/2-1/2"]
[WhiteElo "2384"]
[BlackElo "2614"]
[Annotator "TA"]
[PlyCount "131"]
[EventDate "2020.01.25"]
[EventType "swiss"]
[EventCountry "RUS"]
[SourceTitle "playchess.com"]
[Source "ChessBase"]
[SourceQuality "1"]

{[%evp 18,131,19,12,33,0,0,-2,0,3,33,-4,8,12,21,5,31,23,22,20,44,20,22,0,0,0,0,-11,-19,-40,4,0,0,7,23,23,20,30,61,13,100,96,101,96,68,48,44,0,0,0,0,-8,-8,-8,-8,-8,-8,-8,-8,-8,-8,-8,-8,-8,-8,-8,-8,-8,-8,-93,-93,-93,-94,-94,0,0,0,0,0,0,0,0,0,0,0,0,0,0,0,0,0,0,0,0,0,0,0,0,0,0,0,0,0,0,0,0,0,0,0,0,0,0,0,0,0,0]} 1. Nf3 Nf6 2. b3 g6 3. Bb2 Bg7 4. g3 c5 5. c4 d6 6. Bg2 e5 7. d3 O-O 8. Nc3 Nc6 9. O-O h6 10. Nd2 Bg4 {A38: Symmetrical English vs ...g6: 4 Bg2 Bg7 5 Nf3 Nf6} (10... Be6 11. e3 d5 12. e4 d4 13. Nd5 Nd7 14. Qe2 Nb4 15. a3 Nc6 16. f4 exf4 17. gxf4 Re8 18. Qf2 {½-½ (63) Artemiev,V (2731)-Mamedov,R (2659) Moscow 2019}) 11. h3 Be6 12. a3 $146 ({Predecessor:} 12. Nde4 Ne8 13. Nd5 Qd7 14. Kh2 f5 15. Nec3 f4 16. Ne4 g5 17. Bc3 Nd4 18. b4 {½-½ (36) Skodzek,A-Majer,D (2285) Bad Zwesten 1997}) 12... Qd7 13. Kh2 Nh7 14. e3 f5 15. Nd5 Nf6 16. Rb1 Qf7 {[%cal Rf6d5]} 17. Nxf6+ Bxf6 18. b4 Rad8 19. b5 Nb8 {[%cal Bc6b8,Bb8d7,Bd7e5][%mdl 32]} 20. f4 b6 21. Qe2 Nd7 22. fxe5 Nxe5 23. e4 Qg7 24. exf5 gxf5 25. Nf3 Rde8 26. Nxe5 Bxe5 27. Bxe5 Qxe5 28. Qh5 f4 (28... Kg7 $11) 29. Qxh6 $16 {[%cal Rf1f4]} fxg3+ 30. Kh1 Rf2 31. Qg6+ {[%mdl 64] Double Attack} Kf8 $1 32. Rxf2+ ({Reject} 32. Rbe1 Qf4 $15) (32. Rfe1 $5 {[%cal Re1e5]} Rf6 33. Rxe5 Rxg6 34. Re3 $14) 32... gxf2 33. Rf1 Qf4 $1 ({But not} 33... Bf7 $6 34. Qh6+ Kg8 35. Be4 $16 (35. Rxf2 Qg3 $14)) 34. Qe4 $132 {[%mdl 2048] White puts up resistance} Qxe4 35. Bxe4 {[#]} Bxc4 $1 {[%mdl 512]} 36. Rxf2+ $11 {[%mdl 4096] Endgame KRB-KRB} (36. dxc4 Rxe4) 36... Kg7 37. Rg2+ Kh8 38. dxc4 Rxe4 {KR-KR} 39. Rd2 Rxc4 40. Rxd6 Ra4 41. Rd7 Rxa3 42. Kg2 Ra5 43. h4 {[#]} (43. Kf3 $11 {remains equal.}) 43... c4 $1 $17 44. Kf3 Rxb5 {...c3 is the strong threat.} 45. Rxa7 Rb1 (45... Rh5 $17 46. Ke3 b5) 46. Ke3 $11 {The position is equal.} b5 {aiming for ...c3.} 47. Rc7 Rd1 48. Rc5 Rd3+ 49. Ke2 Rb3 50. Rc7 c3 51. Kd3 b4 52. Kc2 Rb2+ 53. Kc1 $1 Ra2 54. Rb7 Rb2 55. Rc7 Kg8 56. h5 Rh2 57. Rc4 Rb2 (57... Rh1+ {is interesting.} 58. Kc2 Rh2+ 59. Kc1) 58. Rc7 Ra2 59. Rb7 Ra4 (59... Rb2 {feels hotter.} 60. Rc7) 60. Kb1 Kh8 61. Kc1 $1 Ra1+ 62. Kc2 Ra2+ 63. Kb1 Rb2+ 64. Kc1 b3 65. Rc7 Rc2+ 66. Kb1 {Accuracy: White = 68%, Black = 59%.} 1/2-1/2

[Event "Moscow Open RSSU Cup 2020"]
[Site "Moscow"]
[Date "2020.01.28"]
[Round "4.6"]
[White "Martinez Alcantara, Jose Eduardo"]
[Black "Mirzoev, Emil"]
[Result "1-0"]
[WhiteElo "2606"]
[BlackElo "2452"]
[Annotator "TA"]
[PlyCount "96"]
[EventDate "2020.01.25"]
[EventType "swiss"]
[EventCountry "RUS"]
[SourceTitle "playchess.com"]
[Source "ChessBase"]
[SourceQuality "1"]

{[%evp 15,96,3,9,0,10,12,24,-6,0,0,5,-1,6,-20,38,21,29,0,0,0,18,0,176,157,268,259,278,229,276,170,167,175,170,177,145,130,131,114,153,93,88,89,96,79,114,77,77,24,27,0,4,0,1,0,0,-14,21,20,41,40,72,59,98,98,99,98,143,142,143,117,118,112,182,182,193,190,259,251,416,406,383,383,4714]} 1. e4 e6 2. d4 d5 3. Nc3 Nf6 4. e5 Nfd7 5. f4 c5 6. Nf3 Nc6 7. Be3 Be7 8. Qd2 a6 {[%cal Ba7a6,Ba6a5][%mdl 32]} 9. Bd3 {C11: French: Classical System: 4 e5 and 4 Bg5 dxe4.} b5 10. O-O b4 11. Nd1 {[%cal Bc3d1,Bd1e3,Be3f5][%mdl 32] White has an edge.} O-O (11... c4 $5 12. Be2 $8 O-O $11) 12. c3 a5 {[#]} 13. Bf2 $146 ({Predecessor:} 13. Rc1 Ba6 14. Bxa6 Rxa6 15. f5 c4 16. Qc2 a4 17. a3 bxa3 18. bxa3 Na5 19. Nf2 {½-½ (30) Nefedov,S (2561)-Talpak,T (2468) ICCF email 2017}) 13... a4 14. f5 {Threatens to win with f6!} exf5 ({Better is} 14... a3 $11) 15. Ne3 $14 a3 16. Nxf5 axb2 17. Qxb2 bxc3 18. Qxc3 {[%cal Rd4c5]} Qa5 $2 (18... c4 $11 {and Black is okay.} 19. a3 Ncxe5 20. dxe5 (20. Nxe5 Nxe5 21. dxe5 cxd3 $15) 20... cxd3) 19. Qc2 $1 $36 {[%mdl 2048] Black is under strong pressure.} Ba6 (19... g6 $16 {keeps fighting.}) 20. Nxe7+ Nxe7 21. Bxh7+ Kh8 22. Rfe1 ({Inferior is} 22. dxc5 Bxf1 23. Rxf1 Qxa2 $11) 22... cxd4 23. Bxd4 ({Much less strong is} 23. Nxd4 $6 Rac8 $14) 23... Rac8 24. Qf2 $1 {[%cal Rf2h4] And now Qh4 would win.} Kxh7 25. Qh4+ Kg8 {...Nf5 is the strong threat.} 26. Qxe7 Qd8 27. Qd6 (27. Qxd8 $142 $1 Rfxd8 28. e6) 27... Nb8 $16 28. Qa3 Re8 29. Rab1 Rc6 30. h4 {Strongly threatening e6!} Nd7 31. Rb4 (31. Ng5 $16) 31... Nf8 $11 32. Ra4 Qc8 33. Be3 Bc4 34. Qb2 Bd3 35. Rc1 Be4 {White must now prevent ...Bxf3.} 36. Ng5 $1 Rxc1+ 37. Qxc1 Qg4 {[%csl Ge4][%cal Rg4g2]} 38. Qf1 ({Of course not} 38. Nxe4 dxe4 39. Qc6 Rxe5 $11) 38... Qh5 39. Nxe4 dxe4 40. Rxe4 Rxe5 {[#]} 41. Qf3 $1 Qxf3 42. gxf3 $16 {[%mdl 4096] Endgame KRB-KRN} Rb5 43. Re8 f6 (43... f5 $16 {was necessary.}) 44. a4 $18 {[%cal Ba2a4,Ba4a5][%mdl 32]} Rb1+ 45. Kf2 {aiming for Bc5.} Kf7 {[#]} (45... Rb2+ $142 46. Kf1 Kf7) 46. Ra8 $1 Ra1 $2 (46... Rb2+ 47. Kg3 Rb3) 47. a5 Ra2+ 48. Kg3 Ra3 $2 {Accuracy: White = 79%, Black = 60%.} (48... Ng6 49. a6 Ne7) 1-0